[Event "24. Acropolis 2009"]
[Site "Chalkida GRE"]
[Date "2009.08.10"]
[Round "1.30"]
[White "Karapanos, Nikolaos"]
[Black "Zoler, Dan"]
[Result "1-0"]
[WhiteElo "2208"]
[BlackElo "2472"]
[PlyCount "72"]
[EventDate "2009.08.10"]
[EventType "swiss"]
[EventRounds "9"]
[EventCountry "GRE"]
[Source "lmi"]
[SourceDate "2009.08.10"]

1. d4 Nf6 2. c4 e6 3. g3 Bb4+ 4. Bd2 c5 5. Bxb4 cxb4 6. Bg2 O-O 7. Nf3 d6 8.
O-O a5 9. a3 Na6 10. Nbd2 Qc7 11. h3 Rd8 12. e4 e5 13. Qe2 b6 14. a4 Bb7 15. b3
Re8 16. Rad1 Rad8 17. Rfe1 exd4 18. Nxd4 Nc5 19. f3 Nh5 20. Nf1 d5 21. cxd5
Bxd5 22. exd5 Rxe2 23. Rxe2 g6 24. f4 Nf6 25. Nc6 Rd7 26. Ne5 Rd8 27. Nc6 Rd7
28. Ne5 Nxb3 29. Nxd7 Nxd7 30. d6 Qc5+ 31. Kh2 Kg7 32. Re7 Qc8 33. Ne3 Nf6 34.
d7 Qd8 35. Ng4 Kf8 36. Ne5 Nc5 1-0

[Event "24. Acropolis 2009"]
[Site "Chalkida GRE"]
[Date "2009.08.10"]
[Round "1.31"]
[White "Dembo, Yelena"]
[Black "Kaforos, Dimitrios Alkis"]
[Result "1/2-1/2"]
[WhiteElo "2466"]
[BlackElo "2203"]
[PlyCount "72"]
[EventDate "2009.08.10"]
[EventType "swiss"]
[EventRounds "9"]
[EventCountry "GRE"]
[Source "lmi"]
[SourceDate "2009.08.10"]

1. e4 c6 2. d4 d5 3. e5 Bf5 4. Nd2 h5 5. Nb3 e6 6. Nf3 Nd7 7. Be2 Be7 8. Bd2
Nh6 9. Ba5 b6 10. Bd2 Be4 11. O-O Nf5 12. Ne1 Bg5 13. Qc1 Bxd2 14. Qxd2 Ne7 15.
Rc1 Qc7 16. f3 Bg6 17. f4 h4 18. Nf3 O-O-O 19. Ng5 Nf8 20. Bd3 f6 21. Bxg6
Nexg6 22. Nh3 Kb8 23. Qe2 c5 24. c4 fxe5 25. cxd5 exd5 26. dxe5 Ne7 27. Qb5 Ka8
28. a4 Qc6 29. Qxc6+ Nxc6 30. Ng5 Rh5 31. Rce1 Re8 32. g4 hxg3 33. hxg3 Ne6 34.
Nf3 c4 35. Nc1 Ncd4 36. Nxd4 Nxd4 1/2-1/2

[Event "24. Acropolis 2009"]
[Site "Chalkida GRE"]
[Date "2009.08.10"]
[Round "1.32"]
[White "Sanchez Castillo, Sarai"]
[Black "Kapnisis, Spyridon"]
[Result "0-1"]
[WhiteElo "2202"]
[BlackElo "2464"]
[PlyCount "72"]
[EventDate "2009.08.10"]
[EventType "swiss"]
[EventRounds "9"]
[EventCountry "GRE"]
[Source "lmi"]
[SourceDate "2009.08.10"]

1. e4 e5 2. Nf3 Nc6 3. Bc4 Nf6 4. d3 h6 5. O-O d6 6. c3 g6 7. Nbd2 Bg7 8. Re1
O-O 9. Bb3 Nd7 10. Nf1 Nc5 11. Bc2 Ne6 12. Ng3 Ng5 13. Nxg5 hxg5 14. Be3 Qe7
15. Qd2 Bf6 16. d4 Nd8 17. d5 g4 18. c4 Bg7 19. Bg5 f6 20. Be3 a5 21. a3 a4 22.
Qb4 b6 23. Bxa4 f5 24. exf5 gxf5 25. Bd2 f4 26. Nf1 Qh4 27. Bc2 Nf7 28. g3 Qf6
29. gxf4 exf4 30. Re4 Ng5 31. Kh1 Nxe4 32. Bxe4 Qxb2 33. Re1 Rxa3 34. Bg6 Qxb4
35. Bxb4 Rb3 36. Bd2 Be5 0-1

[Event "24. Acropolis 2009"]
[Site "Chalkida GRE"]
[Date "2009.08.10"]
[Round "1.33"]
[White "Managadze, Nikoloz"]
[Black "Parginos, Vassilios"]
[Result "1-0"]
[WhiteElo "2459"]
[BlackElo "2196"]
[PlyCount "77"]
[EventDate "2009.08.10"]
[EventType "swiss"]
[EventRounds "9"]
[EventCountry "GRE"]
[Source "lmi"]
[SourceDate "2009.08.10"]

1. e4 c6 2. d4 d5 3. exd5 cxd5 4. c4 Nf6 5. Nc3 e6 6. Nf3 Bb4 7. Bd2 O-O 8. a3
Bxc3 9. bxc3 Nbd7 10. Bd3 dxc4 11. Bxc4 b6 12. Qe2 Bb7 13. Bd3 Re8 14. Ne5 Rc8
15. f4 Nf8 16. O-O Ng6 17. Rae1 Nh4 18. Rf2 Nf5 19. Nf3 Qd6 20. a4 Red8 21. Ne5
Rc7 22. Nc4 Qc6 23. a5 h5 24. axb6 axb6 25. Rb1 Ng4 26. Ne5 Nxe5 27. fxe5 g6
28. Rf4 Ba8 29. Qf2 Qb7 30. h3 Kg7 31. Kh2 g5 32. Rxf5 exf5 33. Bxg5 Rxc3 34.
Bf6+ Kf8 35. Bxd8 Rxd3 36. Rxb6 Qe4 37. Rb8 Ke8 38. Bf6+ Kd7 39. d5 1-0

[Event "24. Acropolis 2009"]
[Site "Chalkida GRE"]
[Date "2009.08.10"]
[Round "1.34"]
[White "Dounis, Alexandros"]
[Black "Can, Emre"]
[Result "0-1"]
[WhiteElo "2186"]
[BlackElo "2455"]
[PlyCount "72"]
[EventDate "2009.08.10"]
[EventType "swiss"]
[EventRounds "9"]
[EventCountry "GRE"]
[Source "lmi"]
[SourceDate "2009.08.10"]

1. d4 Nf6 2. g3 g6 3. Bg2 Bg7 4. e4 d6 5. h3 O-O 6. Ne2 Nbd7 7. O-O e5 8. Nbc3
Re8 9. Re1 c6 10. a4 a5 11. Be3 exd4 12. Nxd4 Nc5 13. Bf4 h6 14. Nb3 Nxb3 15.
cxb3 Be6 16. Bxd6 Qb6 17. e5 Nd7 18. Re3 Bxb3 19. Qe2 Re6 20. h4 Rae8 21. Bh3
f5 22. exf6 Rxe3 23. fxe3 Nxf6 24. Re1 c5 25. Nb5 Kh7 26. Bc7 Qc6 27. Bxa5 Bxa4
28. Nc3 Bb3 29. Bg2 Qd6 30. g4 Qg3 31. h5 Nxg4 32. hxg6+ Kh8 33. Bc7 Be5 34.
Bxe5+ Rxe5 35. e4 Bc4 36. Qxc4 Qf2+ 0-1

[Event "24. Acropolis 2009"]
[Site "Chalkida GRE"]
[Date "2009.08.10"]
[Round "1.35"]
[White "Papadopoulos, Ioannis K"]
[Black "Pavlidou, Ekaterini"]
[Result "1-0"]
[WhiteElo "2450"]
[BlackElo "2179"]
[PlyCount "115"]
[EventDate "2009.08.10"]
[EventType "swiss"]
[EventRounds "9"]
[EventCountry "GRE"]
[Source "lmi"]
[SourceDate "2009.08.10"]

1. e4 c5 2. Nf3 e6 3. d4 cxd4 4. Nxd4 Nf6 5. Nc3 Nc6 6. Ndb5 Bc5 7. Bf4 O-O 8.
Bc7 Qe7 9. Bd6 Bxd6 10. Qxd6 Qd8 11. Nc7 Rb8 12. Be2 b5 13. N7xb5 Qb6 14. Rb1
Rd8 15. O-O a6 16. Na3 Nd4 17. Nc4 Nxe2+ 18. Nxe2 Qa7 19. Nc3 Bb7 20. Rfe1 Rbc8
21. Ne5 Qc5 22. Rbd1 Qxd6 23. Rxd6 Rc7 24. Red1 Kf8 25. f3 Ke7 26. Rb6 Ne8 27.
Rd4 f6 28. Rc4 Rxc4 29. Nxc4 Bc8 30. Kf2 d5 31. Na5 Rd6 32. Rb8 Kd7 33. exd5
Kc7 34. Rb4 exd5 35. Ke3 f5 36. Ne2 g5 37. f4 g4 38. Rb3 Nf6 39. Rc3+ Kd7 40.
Nd4 Ne4 41. Rc6 Rxc6 42. Naxc6 Nd6 43. Ne5+ Kc7 44. Ne2 Ne4 45. Nc3 Nf6 46. Kd4
Kd6 47. b4 Bb7 48. Nd3 h5 49. Nc5 Bc8 50. g3 Kc6 51. Ke5 Ne4 52. Nxd5 Nd2 53.
Ne7+ Kc7 54. Nxc8 Nf3+ 55. Kxf5 Kxc8 56. Kg6 h4 57. Kh5 Nxh2 58. Kxh4 1-0

[Event "24. Acropolis 2009"]
[Site "Chalkida GRE"]
[Date "2009.08.10"]
[Round "1.36"]
[White "Vospernik, Andrej"]
[Black "Harika, Dronavalli"]
[Result "1/2-1/2"]
[WhiteElo "2170"]
[BlackElo "2445"]
[PlyCount "115"]
[EventDate "2009.08.10"]
[EventType "swiss"]
[EventRounds "9"]
[EventCountry "GRE"]
[Source "lmi"]
[SourceDate "2009.08.10"]

1. e4 e5 2. d4 exd4 3. c3 d5 4. Qxd4 Nf6 5. Bg5 Be6 6. e5 Nc6 7. Bb5 Nd7 8.
Bxd8 Nxd4 9. cxd4 Rxd8 10. Nc3 a6 11. Ba4 c5 12. Bxd7+ Rxd7 13. Nge2 cxd4 14.
Nxd4 Bc5 15. O-O-O Ke7 16. f4 g6 17. h3 h5 18. Kb1 Rc8 19. Nce2 h4 20. Rc1 Kd8
21. Rc3 Rdc7 22. Rhc1 Bd7 23. a3 a5 24. Rd1 Bxd4 25. Rxd4 Bf5+ 26. Ka2 Be4 27.
g3 Rxc3 28. bxc3 Bf3 29. Ng1 Rxc3 30. Nxf3 Rxf3 31. Rxd5+ Ke7 32. gxh4 b6 33.
h5 gxh5 34. e6 Rf2+ 35. Kb3 Kxe6 36. Rxh5 Rf3+ 37. Kb2 Rf2+ 38. Kb3 Rf3+ 39.
Kb2 a4 40. Rb5 Rxf4 41. Rxb6+ Kf5 42. Rb5+ Kg6 43. Ra5 f5 44. Kc2 Kg5 45. Kd2
Kh4 46. Ke3 Kg3 47. h4 Kg4 48. h5 Rf3+ 49. Ke2 Rxa3 50. h6 f4 51. h7 Rh3 52.
Rxa4 Rh2+ 53. Kf1 Rxh7 54. Ra3 Rh2 55. Rb3 Rd2 56. Ra3 Kf5 57. Ke1 Rc2 58. Kf1
1/2-1/2

[Event "24. Acropolis 2009"]
[Site "Chalkida GRE"]
[Date "2009.08.10"]
[Round "1.37"]
[White "Melia, Salome"]
[Black "Stiri, Alexandra"]
[Result "1-0"]
[WhiteElo "2441"]
[BlackElo "2163"]
[PlyCount "45"]
[EventDate "2009.08.10"]
[EventType "swiss"]
[EventRounds "9"]
[EventCountry "GRE"]
[Source "lmi"]
[SourceDate "2009.08.10"]

1. e4 c5 2. Nf3 d6 3. d4 cxd4 4. Nxd4 Nf6 5. Nc3 a6 6. Bg5 e6 7. f4 Qb6 8. Qd2
Nc6 9. Bxf6 gxf6 10. Nb3 Bd7 11. O-O-O O-O-O 12. Be2 Rg8 13. Bh5 Rg7 14. Kb1
Na5 15. Nxa5 Qxa5 16. g4 Kb8 17. Qd4 Be7 18. g5 Rdg8 19. gxf6 Bxf6 20. Qxd6+
Kc8 21. e5 Rd8 22. exf6 Rgg8 23. Qe5 1-0

[Event "24. Acropolis 2009"]
[Site "Chalkida GRE"]
[Date "2009.08.10"]
[Round "1.38"]
[White "Galopoulos, Panagiotis"]
[Black "Georgiadis, Ioannis"]
[Result "0-1"]
[WhiteElo "2161"]
[BlackElo "2438"]
[PlyCount "62"]
[EventDate "2009.08.10"]
[EventType "swiss"]
[EventRounds "9"]
[EventCountry "GRE"]
[Source "lmi"]
[SourceDate "2009.08.10"]

1. e4 c6 2. d4 d5 3. Nd2 dxe4 4. Nxe4 Bf5 5. Ng3 Bg6 6. h4 h6 7. Nf3 Nd7 8. h5
Bh7 9. Bd3 Bxd3 10. Qxd3 e6 11. Bf4 Qa5+ 12. Bd2 Bb4 13. c3 Be7 14. c4 Qc7 15.
O-O-O Ngf6 16. Kb1 O-O 17. Ne4 Rad8 18. Qe2 c5 19. Nxc5 Nxc5 20. dxc5 Bxc5 21.
Ne5 Bxf2 22. Bf4 Qb6 23. g4 Bd4 24. g5 Ne4 25. Rd3 Nc3+ 26. Rxc3 Bxc3 27. gxh6
Rd2 28. Qxd2 Bxd2 29. hxg7 Rd8 30. Nd7 Qd4 31. Ka1 Bxf4 0-1

[Event "24. Acropolis 2009"]
[Site "Chalkida GRE"]
[Date "2009.08.10"]
[Round "1.39"]
[White "Yilmaz, Mustafa Enes"]
[Black "Papadopoulou, Vera"]
[Result "1-0"]
[WhiteElo "2432"]
[BlackElo "2160"]
[PlyCount "45"]
[EventDate "2009.08.10"]
[EventType "swiss"]
[EventRounds "9"]
[EventCountry "GRE"]
[Source "lmi"]
[SourceDate "2009.08.10"]

1. e4 c5 2. Nf3 d6 3. d4 cxd4 4. Nxd4 Nf6 5. Nc3 a6 6. Bg5 e6 7. f4 Be7 8. Qf3
Qc7 9. O-O-O Nbd7 10. g4 b5 11. Bxf6 Nxf6 12. g5 Nd7 13. f5 Bxg5+ 14. Kb1 Nf6
15. fxe6 fxe6 16. Bxb5+ axb5 17. Ndxb5 Qa5 18. Nxd6+ Ke7 19. h4 Bh6 20. e5 Bd7
21. Nf5+ exf5 22. exf6+ gxf6 23. Rhe1+ 1-0

[Event "24. Acropolis 2009"]
[Site "Chalkida GRE"]
[Date "2009.08.10"]
[Round "1.41"]
[White "Foisor, Cristina Adela B"]
[Black "Bozinakis, Pavlos"]
[Result "0-1"]
[WhiteElo "2424"]
[BlackElo "2148"]
[PlyCount "122"]
[EventDate "2009.08.10"]
[EventType "swiss"]
[EventRounds "9"]
[EventCountry "GRE"]
[Source "lmi"]
[SourceDate "2009.08.10"]

1. c4 e5 2. g3 Nc6 3. Bg2 g6 4. Nc3 Bg7 5. d3 d6 6. e3 Be6 7. Nge2 Qd7 8. Nd5
Nd8 9. e4 c6 10. Ne3 Bh3 11. O-O Bxg2 12. Kxg2 Ne6 13. Rb1 Ne7 14. b4 O-O 15.
Bb2 d5 16. f3 d4 17. Ng4 h5 18. Nf2 f5 19. c5 h4 20. Qb3 Kh7 21. Nh3 Bh6 22.
gxh4 f4 23. Neg1 g5 24. hxg5 Nxg5 25. Nxg5+ Bxg5 26. Nh3 Bh4 27. Nf2 Bxf2 28.
Rxf2 Ng6 29. Kh1 Nh4 30. Rg1 Rg8 31. Qd1 Rxg1+ 32. Qxg1 Rg8 33. Qf1 Rg6 34. Bc1
Qg7 35. Bd2 a6 36. Be1 Kg8 37. a4 Kh7 38. b5 cxb5 39. axb5 axb5 40. Ba5 Kg8 41.
Bd8 Qh7 42. Ra2 Qh5 43. Rf2 Ra6 44. Bxh4 Qxh4 45. Rg2+ Kf8 46. Qg1 Qh7 47. Rg5
Qh8 48. Rf5+ Ke8 49. Qb1 b4 50. Rg5 Qh3 51. Rxe5+ Kd8 52. Rg5 Qxf3+ 53. Kg1
Qe3+ 54. Kh1 f3 55. Rg8+ Kc7 56. Rg7+ Kb8 57. Rg3 b3 58. h4 Qf2 59. Rg8+ Ka7
60. c6 Ra2 61. Qg1 Qxh4+ 0-1

[Event "24. Acropolis 2009"]
[Site "Chalkida GRE"]
[Date "2009.08.10"]
[Round "1.42"]
[White "Malikentzos, Sotirios"]
[Black "Ris, Robert"]
[Result "1/2-1/2"]
[WhiteElo "2148"]
[BlackElo "2421"]
[PlyCount "139"]
[EventDate "2009.08.10"]
[EventType "swiss"]
[EventRounds "9"]
[EventCountry "GRE"]
[Source "lmi"]
[SourceDate "2009.08.10"]

1. d4 Nf6 2. c4 g6 3. g3 Bg7 4. Bg2 O-O 5. Nc3 c5 6. d5 d6 7. Nf3 e6 8. O-O
exd5 9. cxd5 a6 10. a4 Re8 11. Bf4 Nh5 12. Bg5 Qc7 13. Rc1 h6 14. Bd2 Bg4 15.
b4 Nd7 16. Qb3 Nhf6 17. Rfe1 Rab8 18. b5 Rec8 19. Bf4 Nh5 20. Bd2 Nhf6 21. Bf4
g5 22. Be3 Qa5 23. Nd2 Qb4 24. Qc2 Bh5 25. Na2 Qa5 26. Nc4 Qc7 27. Nc3 Nb6 28.
Nxb6 Qxb6 29. Bd2 Bg6 30. Qb3 c4 31. Qa3 Ng4 32. Rf1 Bd4 33. Be1 Re8 34. h3 Nf6
35. a5 Qc7 36. Qa4 Rbc8 37. e3 Bc5 38. Qxc4 Rxe3 39. Kh2 Bd3 40. Qa2 Bxf1 41.
fxe3 Bxe3 42. Bd2 Bxd2 43. Qxd2 Bxg2 44. Qxg2 axb5 45. Qf3 Kg7 46. Ne2 Qxc1 47.
Nxc1 Rxc1 48. Qe2 b4 49. Qb5 Rc5 50. Qxb4 Rxd5 51. g4 Rc5 52. Kg3 Kg6 53. Qb1+
Kg7 54. Qb4 Re5 55. Kf3 Re3+ 56. Kf2 Re5 57. Kf3 Rc5 58. Ke2 Nd5 59. Qb2+ Kg8
60. Qxb7 Rxa5 61. Qb8+ Kg7 62. Qxd6 Nf4+ 63. Kf3 Rd5 64. Qb8 Rd3+ 65. Ke4 Rxh3
66. Qe5+ Kg6 67. Qf5+ Kg7 68. Qe5+ Kf8 69. Qb8+ Kg7 70. Qe5+ 1/2-1/2

[Event "24. Acropolis 2009"]
[Site "Chalkida GRE"]
[Date "2009.08.10"]
[Round "1.43"]
[White "Reshetnikov, Alexey"]
[Black "Foisor, Mihaela Veronica"]
[Result "1-0"]
[WhiteElo "2408"]
[BlackElo "2123"]
[PlyCount "67"]
[EventDate "2009.08.10"]
[EventType "swiss"]
[EventRounds "9"]
[EventCountry "GRE"]
[Source "lmi"]
[SourceDate "2009.08.10"]

1. d4 d5 2. Nf3 Nf6 3. Bg5 Bf5 4. e3 e6 5. c4 c6 6. Nbd2 Bd6 7. Qb3 b6 8. cxd5
exd5 9. Rc1 O-O 10. Bd3 Be6 11. O-O c5 12. dxc5 bxc5 13. Qc2 h6 14. Bh4 Nbd7
15. e4 dxe4 16. Nxe4 Be7 17. Rfd1 Nxe4 18. Bxe4 Rc8 19. Bg3 Qb6 20. Bh7+ Kh8
21. Bf5 Bxf5 22. Qxf5 Nf6 23. Ne5 Kg8 24. Nc4 Qb7 25. Bd6 Rfd8 26. h3 Qd7 27.
Qf3 Bxd6 28. Nxd6 Rb8 29. Nb7 Rxb7 30. Rxd7 Rbxd7 31. Rxc5 Rb8 32. b4 Rdb7 33.
Rc8+ Kh7 34. Qf5+ 1-0

[Event "24. Acropolis 2009"]
[Site "Chalkida GRE"]
[Date "2009.08.10"]
[Round "1.44"]
[White "Iordanidou, Zoi"]
[Black "Maric, Alisa"]
[Result "0-1"]
[WhiteElo "2114"]
[BlackElo "2407"]
[PlyCount "64"]
[EventDate "2009.08.10"]
[EventType "swiss"]
[EventRounds "9"]
[EventCountry "GRE"]
[Source "lmi"]
[SourceDate "2009.08.10"]

1. e4 c6 2. d4 d5 3. exd5 cxd5 4. Bd3 Nc6 5. c3 Nf6 6. Bf4 Bg4 7. f3 Bh5 8. Ne2
e6 9. O-O Bg6 10. a4 Bd6 11. Na3 a6 12. Re1 Rc8 13. b4 O-O 14. Bxd6 Qxd6 15.
Bxg6 hxg6 16. Qd2 Rfe8 17. Rad1 Re7 18. Nc1 e5 19. dxe5 Nxe5 20. Nd3 Nxd3 21.
Rxe7 Qxe7 22. Qxd3 Nh5 23. g3 Qe5 24. Nb1 Re8 25. Kf2 Qe6 26. a5 Qh3 27. Kg1
Nxg3 28. hxg3 Qxg3+ 29. Kf1 Re5 30. Nd2 Rh5 31. Qe3 Rh1+ 32. Ke2 Qg2+ 0-1

[Event "24. Acropolis 2009"]
[Site "Chalkida GRE"]
[Date "2009.08.10"]
[Round "1.45"]
[White "Peptan, Corina-Isabela"]
[Black "Grapsa, Georgia"]
[Result "1/2-1/2"]
[WhiteElo "2392"]
[BlackElo "2083"]
[PlyCount "111"]
[EventDate "2009.08.10"]
[EventType "swiss"]
[EventRounds "9"]
[EventCountry "GRE"]
[Source "lmi"]
[SourceDate "2009.08.10"]

1. e4 c5 2. Nc3 d6 3. Nge2 Nf6 4. g3 e5 5. Bg2 Be7 6. d3 h6 7. O-O O-O 8. h3
Nc6 9. Bd2 Rb8 10. g4 Nh7 11. Nd5 Bg5 12. f4 exf4 13. Nexf4 Ne5 14. Qe2 b5 15.
c3 Be6 16. Nxe6 fxe6 17. Nf4 Qe8 18. Rad1 Ng6 19. Nxg6 Qxg6 20. d4 c4 21. b3
Bxd2 22. Rxf8+ Nxf8 23. Rxd2 Qg5 24. Rd1 Rc8 25. bxc4 Rxc4 26. Qf3 Ra4 27. Rf1
Ng6 28. Rf2 e5 29. Qd3 Rc4 30. dxe5 dxe5 31. Bf1 Qc1 32. Rc2 Qe1 33. Re2 Qxc3
34. Qxc3 Rxc3 35. Rd2 Nf4 36. Bxb5 Nxh3+ 37. Kh2 Nf4 38. Bd7 Re3 39. Rb2 Re2+
40. Rxe2 Nxe2 41. Kg2 Kf7 42. Kf3 Ke7 43. Ba4 Nf4 44. Bb3 g6 45. Bc4 Kd6 46.
Bf7 Kc5 47. Ke3 h5 48. gxh5 gxh5 49. Be8 h4 50. Kf3 Kd4 51. Bc6 a5 52. Kg4 h3
53. Kg3 Ke3 54. a4 Ne2+ 55. Kxh3 Nc3 56. Kg4 1/2-1/2

[Event "24. Acropolis 2009"]
[Site "Chalkida GRE"]
[Date "2009.08.10"]
[Round "1.46"]
[White "Ikonomopoulou, Maria"]
[Black "Zawadzka, Jolanta"]
[Result "0-1"]
[WhiteElo "2052"]
[BlackElo "2387"]
[PlyCount "60"]
[EventDate "2009.08.10"]
[EventType "swiss"]
[EventRounds "9"]
[EventCountry "GRE"]
[Source "lmi"]
[SourceDate "2009.08.10"]

1. e4 c5 2. Nf3 d6 3. d4 cxd4 4. Nxd4 Nf6 5. Nc3 a6 6. Bc4 e6 7. Bb3 b5 8. Bg5
Be7 9. Qf3 Qb6 10. O-O-O O-O 11. Be3 Qb7 12. g4 Nfd7 13. Qg3 Nc5 14. f3 Bd7 15.
g5 a5 16. a3 Nxb3+ 17. Nxb3 Rc8 18. Rd2 b4 19. axb4 axb4 20. Nb1 Nc6 21. f4 Na5
22. Nxa5 Rxa5 23. Re1 b3 24. Bd4 Ra1 25. Qd3 Ba4 26. c3 Bb5 27. Qf3 Qa6 28.
Rdd1 e5 29. fxe5 Bxg5+ 30. Be3 Rxb1+ 0-1

[Event "24. Acropolis 2009"]
[Site "Chalkida GRE"]
[Date "2009.08.10"]
[Round "1.47"]
[White "Okara, Andrey"]
[Black "Petraki, Maria"]
[Result "1-0"]
[WhiteElo "2380"]
[BlackElo "2030"]
[PlyCount "87"]
[EventDate "2009.08.10"]
[EventType "swiss"]
[EventRounds "9"]
[EventCountry "GRE"]
[Source "lmi"]
[SourceDate "2009.08.10"]

1. e4 c5 2. Nf3 d6 3. d4 cxd4 4. Nxd4 Nf6 5. Nc3 a6 6. Be2 e5 7. Nb3 Be6 8. f4
exf4 9. Bxf4 Nc6 10. Qd3 Be7 11. O-O-O Ne5 12. Qg3 Qc7 13. Nd4 Rc8 14. Nxe6
fxe6 15. Bxe5 dxe5 16. Qxg7 Rf8 17. Rhf1 Bd6 18. Qh6 Ke7 19. Bh5 Nxh5 20. Qxh7+
Ke8 21. Qxh5+ Ke7 22. Qg5+ Ke8 23. Rxf8+ Bxf8 24. Qf6 Qf7 25. Qxf7+ Kxf7 26.
Rd7+ Kf6 27. Nd1 Bh6+ 28. Kb1 Rc4 29. Nf2 b5 30. b3 Rc6 31. Ng4+ Kg5 32. Nxe5
Rc5 33. Nd3 Rc6 34. g3 Rb6 35. c3 Kg6 36. Ne5+ Kf6 37. Ng4+ Kg5 38. h3 Bf8 39.
Kc2 Bd6 40. Rg7+ Kh5 41. e5 Bf8 42. Rg8 Be7 43. Nf6+ Kh6 44. g4 1-0

[Event "24. Acropolis 2009"]
[Site "Chalkida GRE"]
[Date "2009.08.10"]
[Round "1.48"]
[White "Rigopoulos-Tsigkos, Alexandros"]
[Black "Kotrotsos, Vasilios"]
[Result "0-1"]
[WhiteElo "2017"]
[BlackElo "2359"]
[PlyCount "58"]
[EventDate "2009.08.10"]
[EventType "swiss"]
[EventRounds "9"]
[EventCountry "GRE"]
[Source "lmi"]
[SourceDate "2009.08.10"]

1. e4 d6 2. d4 g6 3. Nc3 Bg7 4. Be3 a6 5. Qd2 Nd7 6. h4 h5 7. Nh3 b5 8. Ng5 c6
9. O-O-O Qa5 10. Kb1 Ngf6 11. f4 b4 12. Ne2 Ng4 13. Nc1 Nxe3 14. Qxe3 Nf6 15.
Be2 Rb8 16. Qb3 O-O 17. Rhf1 Ng4 18. f5 gxf5 19. Bc4 d5 20. exd5 cxd5 21. Bxd5
e6 22. Bf3 Bd7 23. Bxg4 hxg4 24. d5 e5 25. g3 Qb5 26. Qd3 Rfc8 27. Qxb5 Rxb5
28. a4 bxa3 29. b3 Rc3 0-1

[Event "24. Acropolis 2009"]
[Site "Chalkida GRE"]
[Date "2009.08.10"]
[Round "1.49"]
[White "Charkhalashvili, Inga"]
[Black "Manelidou, Maria"]
[Result "1/2-1/2"]
[WhiteElo "2357"]
[BlackElo "2008"]
[PlyCount "71"]
[EventDate "2009.08.10"]
[EventType "swiss"]
[EventRounds "9"]
[EventCountry "GRE"]
[Source "lmi"]
[SourceDate "2009.08.10"]

1. d4 e6 2. c4 Bb4+ 3. Bd2 Qe7 4. Nf3 Nf6 5. e3 Bxd2+ 6. Nbxd2 O-O 7. Be2 d6 8.
O-O e5 9. b4 Bg4 10. h3 Bh5 11. Nh4 Bxe2 12. Qxe2 exd4 13. Nf5 Qe5 14. Nxd4 Nc6
15. Nxc6 bxc6 16. Nf3 Qe4 17. Nd4 Rfe8 18. Rfe1 a5 19. f3 Qh4 20. Nxc6 axb4 21.
Nxb4 Ra4 22. a3 Rea8 23. Reb1 c5 24. Nd5 Nxd5 25. cxd5 h6 26. Qd3 Qf6 27. Rc1
Qe5 28. Ra2 c4 29. Rxc4 Rxc4 30. Qxc4 Qxe3+ 31. Kh2 Rxa3 32. Re2 Qd3 33. Re8+
Kh7 34. Qe4+ Qxe4 35. fxe4 Re3 36. Rd8 1/2-1/2

[Event "24. Acropolis 2009"]
[Site "Chalkida GRE"]
[Date "2009.08.10"]
[Round "1.50"]
[White "Efthimiadis, Ilias"]
[Black "Asik, Josip"]
[Result "0-1"]
[WhiteElo "1988"]
[BlackElo "2356"]
[PlyCount "80"]
[EventDate "2009.08.10"]
[EventType "swiss"]
[EventRounds "9"]
[EventCountry "GRE"]
[Source "lmi"]
[SourceDate "2009.08.10"]

1. d4 e6 2. c4 Nf6 3. Nf3 b6 4. a3 Bb7 5. Nc3 Ne4 6. Nxe4 Bxe4 7. e3 Be7 8. Bd3
Bxd3 9. Qxd3 d6 10. O-O Nd7 11. b4 O-O 12. Bb2 Qb8 13. Rab1 a5 14. b5 Qb7 15.
Rfc1 Rad8 16. Qc2 Rfe8 17. a4 Bf8 18. Ng5 g6 19. Qe4 Qxe4 20. Nxe4 f5 21. Nc3
Nf6 22. Ba3 Kf7 23. Kf1 g5 24. Rc2 Rd7 25. Rd1 Kg6 26. d5 e5 27. Re2 e4 28. Rc2
f4 29. h3 Rf7 30. exf4 gxf4 31. Ne2 Nh5 32. Nd4 Bg7 33. Ne6 Be5 34. Bb2 Kf5 35.
Bxe5 Kxe5 36. Rc3 Rg8 37. Rd2 Nf6 38. Kg1 e3 39. fxe3 f3 40. Rcc2 Ne4 0-1

[Event "24. Acropolis 2009"]
[Site "Chalkida GRE"]
[Date "2009.08.12"]
[Round "2.1"]
[White "Chirila, Ioan-Cristian"]
[Black "Smirin, Ilia"]
[Result "0-1"]
[WhiteElo "2526"]
[BlackElo "2650"]
[PlyCount "74"]
[EventDate "2009.08.10"]
[EventType "swiss"]
[EventRounds "9"]
[EventCountry "GRE"]
[Source "lmi"]
[SourceDate "2009.08.10"]

1. e4 c5 2. Nf3 e6 3. d4 cxd4 4. Nxd4 a6 5. Be2 Nf6 6. Nc3 d6 7. f4 Nc6 8. Be3
Be7 9. O-O O-O 10. Kh1 Nxd4 11. Bxd4 b5 12. a3 Bb7 13. Qd3 Rc8 14. Qg3 g6 15.
Bd3 Nh5 16. Qe3 Re8 17. Rad1 Bf8 18. e5 Ng7 19. Be4 Nf5 20. Qf2 Qe7 21. Rfe1
dxe5 22. Bxe5 Red8 23. Qb6 Rxd1 24. Rxd1 Rxc3 25. Qxb7 Qxb7 26. Bxb7 Rxc2 27.
Bxa6 Bd6 28. Bc3 Ne3 29. Ra1 Bxf4 30. g3 Bc7 31. Bxb5 Ng4 32. Bd4 Rxh2+ 33. Kg1
Rd2 34. Rc1 Rxd4 35. Rxc7 Rd1+ 36. Kg2 Rd2+ 37. Kf3 f5 0-1

[Event "24. Acropolis 2009"]
[Site "Chalkida GRE"]
[Date "2009.08.12"]
[Round "2.2"]
[White "Predojevic, Borki"]
[Black "Nikolaidis, Ioannis"]
[Result "1-0"]
[WhiteElo "2644"]
[BlackElo "2529"]
[PlyCount "63"]
[EventDate "2009.08.10"]
[EventType "swiss"]
[EventRounds "9"]
[EventCountry "GRE"]
[Source "lmi"]
[SourceDate "2009.08.10"]

1. e4 e6 2. d4 d5 3. e5 c5 4. c3 Nc6 5. Nf3 Bd7 6. Be2 f6 7. O-O cxd4 8. cxd4
fxe5 9. Nxe5 Bd6 10. Nxd7 Qxd7 11. Bh5+ g6 12. Bg4 Nge7 13. Re1 Nf5 14. Bxf5
gxf5 15. Qh5+ Qf7 16. Rxe6+ Be7 17. Rh6 Qxh5 18. Rxh5 Nxd4 19. Nc3 Rd8 20. Bf4
Ne6 21. Rxf5 Rf8 22. Rxf8+ Kxf8 23. Bd2 Kf7 24. Rd1 a6 25. Kf1 b5 26. Bc1 Nc7
27. Bf4 Ne6 28. Bc1 Nc7 29. Be3 b4 30. Ne2 Nb5 31. Nd4 Bf6 32. Nc6 1-0

[Event "24. Acropolis 2009"]
[Site "Chalkida GRE"]
[Date "2009.08.12"]
[Round "2.3"]
[White "Romanishin, Oleg M"]
[Black "Azarov, Sergei"]
[Result "0-1"]
[WhiteElo "2503"]
[BlackElo "2630"]
[PlyCount "98"]
[EventDate "2009.08.10"]
[EventType "swiss"]
[EventRounds "9"]
[EventCountry "GRE"]
[Source "lmi"]
[SourceDate "2009.08.10"]

1. Nf3 Nf6 2. g3 e6 3. Bg2 d5 4. O-O Be7 5. c4 O-O 6. d4 dxc4 7. Qc2 a6 8. a4
Bd7 9. Qxc4 Bc6 10. Bg5 h6 11. Bxf6 Bxf6 12. Nc3 Bxf3 13. Bxf3 c6 14. Rad1 a5
15. e4 Qb6 16. e5 Be7 17. Be4 Rd8 18. Bb1 Nd7 19. b3 Qa6 20. f4 Qxc4 21. bxc4
Bb4 22. Ne4 Nb6 23. c5 Nxa4 24. Nd6 Nc3 25. Rd3 Rab8 26. f5 Nxb1 27. Rxb1 exf5
28. Kg2 g6 29. h3 b6 30. Rdb3 bxc5 31. dxc5 Ra8 32. Rc1 Ra7 33. Rc4 Re7 34. Re3
Re6 35. Kf3 h5 36. Re2 Kg7 37. g4 fxg4+ 38. hxg4 Rh8 39. g5 h4 40. Rf4 Re7 41.
e6 h3 42. Rh2 fxe6 43. Ne4 Rf7 44. Rf6 a4 45. Kg4 a3 46. Nd6 Re7 47. Nc4 a2 48.
Rxa2 h2 49. Ne5 Rh4+ 0-1